| 000 | 00427nam a2200169Ia 4500 | ||
|---|---|---|---|
| 005 | 20250423100810.0 | ||
| 008 | 250422s9999 xx 000 0 und d | ||
| 020 | _a9789789541522 | ||
| 050 | _aPN 4781 .P67/ | ||
| 100 | _aPopoola, Muyiwa | ||
| 245 | 0 | _aReporting and newswriting: a professional handbook | |
| 260 | _aIbadan | ||
| 260 | _bPrudent Impression Publishers | ||
| 260 | _c2016 | ||
| 300 | _a161 p | ||
| 942 | _cBK | ||
| 999 |
_c34376 _d34376 |
||